000
00227nam a2200097Ia 4500
008
190216s9999||||xx |||||||||||||| ||und||
100
_a
Null
245
0
_a
Hindi-Roop Viroop
260
_b
Poomkavanam Books Publishers
942
_c
BK
999
_c
18259
_d
18259